Indycar Tracks 2022 - Statistics

General Stats
  • This quiz has been taken 137 times
  • The average score is 12 of 17
Answer Stats
Hint Answer % Correct
The 500 Indianapolis
96%
I... RC Indianapolis
96%
Acura Grand Prix of L... Long Beach
86%
Firestone Grand Prix of S... St. Petersburg
85%
Big Machine Music City GP Nashville
82%
Xpel 375 at T... Texas
81%
R... A... Road America
77%
Chevorlet D... Grand Prix Detroit
76%
Grand Prix of P... Portland
76%
Honda Indy T... Toronto
73%
Firestone Grand Prix of Monterey Laguna Seca
72%
HyVeeDeals.com 250 Iowa
70%
HyVee Salute to Farmers 300 Iowa
70%
Honda Indy Grand Prix of A... Alabama
67%
Honda Indy 200 at M... Mid-Ohio
56%
Bommarito Automotive Group 500 Gateway
42%
GMR Grand Prix of I... Indianapolis RC
5%
No matching quizzes found
Score Distribution
Percent of People with Each Score
Percentile by Number Answered
Your Score History
You have not taken this quiz